<?xml version="1.0" encoding="UTF-8"?>
<record
    xmlns:xsi="http://www.w3.org/2001/XMLSchema-instance"
    xsi:schemaLocation="http://www.loc.gov/MARC21/slim http://www.loc.gov/standards/marcxml/schema/MARC21slim.xsd"
    xmlns="http://www.loc.gov/MARC21/slim">

  <leader>00860nas a22002175a 4500</leader>
  <datafield tag="999" ind1=" " ind2=" ">
    <subfield code="c">20186</subfield>
    <subfield code="d">20186</subfield>
  </datafield>
  <controlfield tag="005">20180516081232.0</controlfield>
  <controlfield tag="008">061005m20039999   ar p           a0spa d</controlfield>
  <datafield tag="022" ind1=" " ind2=" ">
    <subfield code="a">1692-7389</subfield>
  </datafield>
  <datafield tag="040" ind1=" " ind2=" ">
    <subfield code="a">CO-BoBLA </subfield>
    <subfield code="c">CO-BoBLA</subfield>
    <subfield code="d">CO-BoIAVH</subfield>
  </datafield>
  <datafield tag="041" ind1="0" ind2=" ">
    <subfield code="a">spa</subfield>
  </datafield>
  <datafield tag="044" ind1=" " ind2=" ">
    <subfield code="a">ck</subfield>
  </datafield>
  <datafield tag="090" ind1=" " ind2=" ">
    <subfield code="a">SE</subfield>
  </datafield>
  <datafield tag="245" ind1="0" ind2="0">
    <subfield code="a">Ingenier&#xED;as &amp; Amazonia / </subfield>
    <subfield code="c">Universidad de la Amazonia.</subfield>
  </datafield>
  <datafield tag="260" ind1=" " ind2=" ">
    <subfield code="a">Florencia (Caquet&#xE1;, Colombia) : </subfield>
    <subfield code="b">Universidad de la Amazonia, </subfield>
    <subfield code="c">2003-.</subfield>
  </datafield>
  <datafield tag="300" ind1=" " ind2=" ">
    <subfield code="b">ilustraciones, fotograf&#xED;as. ; </subfield>
    <subfield code="c">28 cm.</subfield>
  </datafield>
  <datafield tag="650" ind1="2" ind2="6">
    <subfield code="a">Agroecolog&#xED;a</subfield>
    <subfield code="x">Investigaciones</subfield>
    <subfield code="v">Publicaciones peri&#xF3;dicas</subfield>
  </datafield>
  <datafield tag="650" ind1="2" ind2="6">
    <subfield code="a">Ingenier&#xED;a agr&#xED;cola</subfield>
    <subfield code="x">Investigaciones</subfield>
    <subfield code="v">Publicaciones peri&#xF3;dicas</subfield>
  </datafield>
  <datafield tag="650" ind1="2" ind2="6">
    <subfield code="a">Ingenier&#xED;a de sistemas</subfield>
    <subfield code="x">Investigaciones</subfield>
    <subfield code="v">Publicaciones peri&#xF3;dicas</subfield>
  </datafield>
  <datafield tag="710" ind1="2" ind2=" ">
    <subfield code="a">Universidad de la Amazon&#xED;a (Florencia)</subfield>
    <subfield code="b">Facultad de Ingenier&#xED;a</subfield>
  </datafield>
  <datafield tag="942" ind1=" " ind2=" ">
    <subfield code="2">z</subfield>
    <subfield code="c">REVISTA</subfield>
  </datafield>
  <datafield tag="952" ind1=" " ind2=" ">
    <subfield code="0">0</subfield>
    <subfield code="1">0</subfield>
    <subfield code="2">z</subfield>
    <subfield code="4">0</subfield>
    <subfield code="7">0</subfield>
    <subfield code="8">HEMEROTECA</subfield>
    <subfield code="A">2010</subfield>
    <subfield code="B">3</subfield>
    <subfield code="C">2</subfield>
    <subfield code="a">Bogota</subfield>
    <subfield code="b">Bogota</subfield>
    <subfield code="d">2018-05-16</subfield>
    <subfield code="h">Vol 3, Nro 2 (01/12/2010)</subfield>
    <subfield code="l">0</subfield>
    <subfield code="o">SE</subfield>
    <subfield code="p">043085</subfield>
    <subfield code="r">2018-05-16 00:00:00</subfield>
    <subfield code="t">Ej. 1</subfield>
    <subfield code="w">2018-05-16</subfield>
    <subfield code="x">Donacion</subfield>
    <subfield code="y">REVISTA</subfield>
  </datafield>
</record>
